The art of Judicial Reasoning. Festschrift in Honour of Carl Baudenbacher
Guardat en:
| Altres autors: | , , , , |
|---|---|
| Format: | Desconegut |
| Publicat: |
Cham, Switzerland:
Springer,
2019.
|
| Matèries: | |
| Etiquetes: |
Afegir etiqueta
Sense etiquetes, Sigues el primer a etiquetar aquest registre!
|
MARC
| LEADER | 00000 a2200000 4500 | ||
|---|---|---|---|
| 003 | CL-VaPUC | ||
| 005 | 20241118160643.0 | ||
| 008 | 241114t2019 ||||| |||| 00| 0 eng d | ||
| 999 | |c 444852 |d 444850 | ||
| 020 | |a 9783030025526 | ||
| 040 | |c Pontificia Universidad Católica de Valparaíso | ||
| 082 | 7 | |a 340.1 SEL 2019 |2 22 | |
| 100 | |a Selvik, Gunnar |9 891704 |e editor | ||
| 245 | 1 | 4 | |a The art of Judicial Reasoning. |b Festschrift in Honour of Carl Baudenbacher |
| 260 | |a Cham, Switzerland: |b Springer, |c 2019. | ||
| 300 | |a xvi, 320 páginas. | ||
| 583 | |k GC |c 20241114 | ||
| 650 | 0 | |a Filosofía del derecho |9 255050 | |
| 650 | 0 | |a Teoría del derecho |9 255982 | |
| 650 | 0 | |a Ciencia política |9 324218 | |
| 700 | |a Clifton, Michael-James |e editor |9 893749 | ||
| 700 | |a Haas, Theresa |e editor |9 893750 | ||
| 700 | |a Lourenço, Luísa |e editor |9 893751 | ||
| 700 | |a Schwiesow, Kerstin |e editor |9 893752 | ||
| 942 | |2 ddc |c BK | ||
| 952 | |0 0 |1 0 |2 ddc |4 0 |6 340_100000000000000_SEL_2019 |7 0 |8 A |9 597985 |a BIBDER |b BIBDER |d 2024-11-13 |e 3 |g 210639.00 |i 5663214 |o 340.1 SEL 2019 |p 5663214 |r 2024-11-13 |t 1 |v 210639.00 |w 2024-11-13 |y BK |k DER | ||